Computer troubleshooting : (Record no. 42102)

MARC details
000 -LEADER
fixed length control field 00675 a2200205 4500
003 - CONTROL NUMBER IDENTIFIER
control field OSt
005 - DATE AND TIME OF LATEST TRANSACTION
control field 20130920130200.0
008 - FIXED-LENGTH DATA ELEMENTS--GENERAL INFORMATION
fixed length control field 130909b xxu||||| |||| 00| 0 eng d
020 ## - INTERNATIONAL STANDARD BOOK NUMBER
International Standard Book Number 9781844255177
040 ## - CATALOGING SOURCE
Transcribing agency 0
050 ## - LIBRARY OF CONGRESS CALL NUMBER
Classification number TK7887
Item number .M37 2004
100 ## - MAIN ENTRY--PERSONAL NAME
Personal name MacRae, Kyle
245 ## - TITLE STATEMENT
Title Computer troubleshooting :
Remainder of title the complete step-by-step guide to diagnosing and fixing common PC problems /
Statement of responsibility, etc Kyle MacRae; Gary Marshall
250 ## - EDITION STATEMENT
Edition statement 2nd ed.
260 ## - PUBLICATION, DISTRIBUTION, ETC. (IMPRINT)
Name of publisher, distributor, etc Haynes
Place of publication, distribution, etc Sparkford
Date of publication, distribution, etc ©2004
300 ## - PHYSICAL DESCRIPTION
Extent 170p. :
Other physical details ill. (chiefly col.) ;
Dimensions 28 cm.
500 ## - GENERAL NOTE
General note Includes index.
650 ## - SUBJECT ADDED ENTRY--TOPICAL TERM
Topical term or geographic name as entry element Microcomputers -- Maintenance and repair -- Amateurs' manuals.
942 ## - ADDED ENTRY ELEMENTS (KOHA)
Item type Book
Source of classification or shelving scheme Library of Congress Classification
Holdings
Withdrawn status Lost status Source of classification or shelving scheme Damaged status Not for loan Collection code Home library Current library Shelving location Date acquired Source of acquisition Total Checkouts Total Renewals Full call number Barcode Date last borrowed Copy number Price effective from Koha item type
    Library of Congress Classification     Non-fiction Bishop Okullu Memorial Library (Limuru Campus) Bishop Okullu Memorial Library (Limuru Campus) General Circulation 14/08/2013 purchase 8 1 TK7887 .M37 2004 036932 17/03/2016 1 14/08/2013 Book
    Library of Congress Classification     Non-fiction Bishop Okullu Memorial Library (Limuru Campus) Bishop Okullu Memorial Library (Limuru Campus) General Circulation 20/09/2013 purchase 3   TK7887 .M37 2004 036933 07/12/2015 2 20/09/2013 Book